Geography Quiz

Random Geography or World Quiz

Most Populous 'B' Cities by Continent Quiz Stats

 Plays Quiz Updated Aug 21, 2019

Score 0/6 Timer 02:00
43 Plays Today
% Correct
Berlin
94.8%
Boston
94.7%
Beijing
93.7%
Bogotá
82.4%
Brisbane
75.6%
Bamako
40.8%

You're not logged in!

Compare scores with friends on all Sporcle quizzes.
OR
Log In

Sporcle TV

Today on Sporcle TV


Watch our educational content, quiz creation guides, and fun videos on Sporcle TV.

Show Comments

Extras

Top Quizzes Today


Score Distribution

Your Account Isn't Verified!

In order to create a playlist on Sporcle, you need to verify the email address you used during registration. Go to your Sporcle Settings to finish the process.

Report this User

Report this user for behavior that violates our Community Guidelines.

Details: